Matieres premieres: peut-on stabiliser les cours?

Obrovský pohyb cien surovín znamená veľkú nevýhodu pre dovozcov i vývozcov surovín. Zdroj devíz. Silný pohyb dopytu. Meravosť ponuky. Kvázi-neúpech regulačných zásob. Nevyhnutné ovládanie výroby. Kompenzačné financovanie. (Alternatives économiques 1992, č. 97).

Salvato in:
Dettagli Bibliografici
Autore principale: Clerc, D.
Natura: Capitolo di libro
Lingua:francese
Soggetti:
Tags: Aggiungi Tag
Nessun Tag, puoi essere il primo ad aggiungerne!!

MARC

LEADER 00000naa a2200000 4500
001 r009384
005 20220913125141.3
041 0 |a fre 
044 |a FR 
245 1 0 |a Matieres premieres: peut-on stabiliser les cours?  |c D. Clerc 
520 |a Obrovský pohyb cien surovín znamená veľkú nevýhodu pre dovozcov i vývozcov surovín. Zdroj devíz. Silný pohyb dopytu. Meravosť ponuky. Kvázi-neúpech regulačných zásob. Nevyhnutné ovládanie výroby. Kompenzačné financovanie. (Alternatives économiques 1992, č. 97). 
610 2 0 |a suroviny 
610 2 0 |a stabilita cien 
610 2 0 |a zvyšovanie cien 
610 2 0 |a dovoz 
610 2 0 |a vývoz 
610 2 0 |a ponuka 
610 2 0 |a dopyt 
610 2 0 |a devízy 
610 2 0 |a zásoby surovín 
610 2 0 |a financovanie 
100 1 |a Clerc, D.